000 00369nam a2200145Ia 4500
008 211109s9999||||xx |||||||||||||| ||und||
082 _a894.812
_bVLA-L
100 _aVladimir, Nabokov
245 0 _aLolitha
260 _bS r v Press
_aQuilon
_c1970
300 _a554p
630 _xGENERAL STACK
650 _aMalayalam Literature
_vLiteratureMalayalam
942 _cBOOK
999 _c58372
_d58372